Statistics for Better Call Saul Trivia #J

Click here to take the quiz!

General Stats

  • This quiz has been taken 20 times
  • The average score is 9 of 15

Answer Stats

HintAnswer% Correct
A __ is a group of citizens deciding a legal case based on presented evidenceJury
100%
Main character of Better Call SaulJimmy McGill
92%
Howard drives this brand of carJaguar
85%
Lalo asks Nacho how long he's known "Krazy-8" and whether he's been inside __ beforeJail
85%
A __ is a legal official who oversees and decides legal casesJudge
85%
Saul pretends to be offended, suggesting the Country Club refuse his membership application because his name is __Jewish
69%
"So when you are sitting in your shitty nursing home and you're sucking down on your __ night after night for the rest of your life, you think of me, you twisted fuck"- Nacho to HectorJell-O
62%
Chucks favorite newspaper: The Albuquerque __Journal
54%
He teams up with Gene in a few scamsJeff
46%
Motto Saul makes up in front of LaloJustice matters most
46%
Motto Lalo suggests insteadJust make money
46%
Episode title in Season 5JMM
38%
Kim got Combo out of trouble, for him stealing a baby __Jesus
23%
The doctor overseeing Hectors recovery is from __ __Johns Hopkins
23%
Camera guy, student at UNMJoey
15%

Score Distribution

Percentile by Number Answered

Percent of People with Each Score

Your Score History

You have not taken this quiz